| 000 | 00541nam a2200157Ia 4500 | ||
|---|---|---|---|
| 005 | 20250128023103.0 | ||
| 008 | 240331s9999 xx 000 0 und d | ||
| 020 | _a | ||
| 082 |
_bCOS _a954 |
||
| 100 | _aCosme,O.M.D.S | ||
| 245 | 0 |
_aFidalogs in the kingdom of Jaffnapatam : _b(Sri lanka) (1543-1658)-The Portuguese in Jaffna |
|
| 260 |
_aColombo _bHarwoods Publishers _c1994 |
||
| 300 | _a136 p ., | ||
| 500 | _aFidalgos in the kingdom of Jafanapatam narrates the short saga of the Portuguese in the northern peninsula Kingdom. | ||
| 942 | _cL | ||
| 999 |
_c3513 _d3513 |
||